Normal view
MARC view
- Ather Ali
Entry Personal Name
001 - CONTROL NUMBER
- control field: 47600
003 - CONTROL NUMBER IDENTIFIER
- control field: NUST
005 - DATE AND TIME OF LATEST TRANSACTION
- control field: 20210314133843.0
008 - FIXED-LENGTH DATA ELEMENTS
- fixed length control field: 210314|| aca||aabn | a|a d
040 ## - CATALOGING SOURCE
- Original cataloging agency: NUST
- Transcribing agency: NUST
100 ## - HEADING--PERSONAL NAME
- Personal name: Ather Ali
670 ## - SOURCE DATA FOUND
- Source citation: Work cat.: (NUST): Ather Ali, Economic Analysis of roads maintenance and rehabilitation strategies feasible for roads in pakistan using H.D.M-4, 2009
